Fundamentos de programación: libro de problemas
Gorde:
| Egile Nagusiak: | , , |
|---|---|
| Formatua: | Liburua |
| Hizkuntza: | gaztelania |
| Argitaratua: |
Madrid, España:
McGraw-Hill Interamericana,
2003
|
| Edizioa: | 2a. ed |
| Gaiak: | |
| Sarrera elektronikoa: | Disponible Online |
| Etiketak: |
Etiketa erantsi
Etiketarik gabe, Izan zaitez lehena erregistro honi etiketa jartzen!
|
MARC
| LEADER | 00000nam a2200000 a 4500 | ||
|---|---|---|---|
| 001 | UCL9313 | ||
| 003 | CL-VaPUC | ||
| 005 | 20240405085845.0 | ||
| 008 | 040730e20030000SP |||||||||||||||||spa|d | ||
| 999 | |c 310150 |d 310148 | ||
| 020 | |a 8448139860 | ||
| 040 | |c Pontificia Universidad Católica de Valparaíso | ||
| 082 | 0 | 4 | |a 005.11 JOY 2003 |2 21 |
| 100 | |a Joyanes Aguilar, Luis |e author |9 582884 | ||
| 245 | 1 | 0 | |a Fundamentos de programación: libro de problemas |
| 250 | |a 2a. ed | ||
| 260 | |a Madrid, España: |b McGraw-Hill Interamericana, |c 2003 | ||
| 300 | |a 433 páginas | ||
| 583 | |a last modification |c 20040730 00:00:00 |k Rodrigo Vera | ||
| 650 | 0 | |a Algoritmos |9 260639 | |
| 650 | 0 | |a Programación de computadores |9 259531 | |
| 650 | 0 | |a Estructuras de datos (Informática) |9 260607 | |
| 650 | 0 | |a Programación estructurada |9 326423 | |
| 700 | 0 | |a Rodríguez Baena, Luis |e author |9 487123 | |
| 700 | 0 | |a Fernández Azuela, Matilde |e author |9 487124 | |
| 856 | |u http://bibliografiadigital.pucv.cl/index.php/bibliotecapucv/catalog/book/877 |y Disponible Online | ||
| 942 | |c BK |2 ddc | ||
| 945 | |d 20040730 00:00:00 |a cmena | ||
| 952 | |0 0 |1 0 |2 ddc |4 0 |6 005_110000000000000_JOY_2003 |7 0 |8 A |9 378361 |a BIBING |b BIBING |c RES |d 2019-11-21 |i 4044355 |o 005.11 JOY 2003 |p 4044355 |r 2025-01-20 |w 2019-11-21 |y BK |k CCI | ||